On likelihood ratio tests for threshold autoregression.

Použitie nulovej distribúcie v prípade prahovej autoregresie. Tento problém je neštandardný, pretože potrebný prahový parameter pri nulovej hypotéze chýba. V niektorých prípadoch závisí nulová distribúcia asymptoticky len od stupňov voľnosti.

Gespeichert in:
Bibliographische Detailangaben
1. Verfasser: Chan, K.S
Weitere Verfasser: Tong, H.
Format: Buchkapitel
Sprache:Englisch
Schlagworte:
Tags: Tag hinzufügen
Keine Tags, Fügen Sie das erste Tag hinzu!

MARC

LEADER 00000naa a2200000 4500
001 r006721
005 20220819194415.1
041 0 |a eng 
044 |a GB 
245 1 0 |a On likelihood ratio tests for threshold autoregression.  |c K.S. Chan, H. Tong 
520 |a Použitie nulovej distribúcie v prípade prahovej autoregresie. Tento problém je neštandardný, pretože potrebný prahový parameter pri nulovej hypotéze chýba. V niektorých prípadoch závisí nulová distribúcia asymptoticky len od stupňov voľnosti. 
610 2 0 |a testy 
610 2 0 |a regresia 
610 2 0 |a distribúcia 
610 2 0 |a metódy matematicko-štatistické 
100 1 |a Chan, K.S. 
700 1 |a Tong, H.